000
00323nam a22001457a 4500
003
SGT
020
_a
978-0-10-9311779
082
_a
616.89
_b
O05B
100
_a
BLANEY, PAUL H.
245
_a
OXFORD TB. OF PSYCHOPATHOLOGY
260
_a
INDIA
_b
OXFORD
_c
2015
300
_a
851
650
_a
PSYCHOLOGY
942
_2
ddc
_c
BK
999
_c
15060
_d
15060